zpět

Detail výsledku týmu

Burger & Beer Brothers, Olomouc

Datum a čas kvízu

29 Celkem bodů Celkový počet nahraných bodů na tomto kvízu bez doplňovacích otázek.
6. Pořadí na kvízu Konečné umístění týmu na tomto kvízu.

Zaznamenané odpovědi

# Otázka Odpověď Body Výsledky
1. Na Úřadu vlády se minulý týden... 1
2. Zmatek a nepochopení vyvolal m... 1
3. První jmenování Jana Buriana d... 1
4. Po celé republice projde důkla... 0
5. Jak se jmenuje česká sportovky... 1
6. Rodné číslo je jednoznačný čís... 0
7. Historie přidělování rodných č... 0
8. Která z uvedených kombinací NE... 1
9. Změna rodného čísla během živo... 1
10. S rodnými čísly souvisí i obča... 1